000 00333nam a2200145Ia 4500
005 20251222153559.0
008 251222s9999||||xx |||||||||||||| ||spa||
020 _a671536680
082 _a641.597.5/B24
100 _aBarnard, Melanie
245 0 _aFamily Cookbook:
250 _a1ra. ed.
264 _bPocket Books
942 _cLIB
999 _c31158
_d31158